• 首页
  • 本馆介绍
  • 公告通知
  • 最新文献
  • 馆藏检索
  • 电子资源
  • 读者导购
  • 参考咨询
  • 我的图书馆
  • 登录
  • 详细信息显示
  • 放入我的书架
  • 预约/预借图书
  • 作者相关作品
  • 分类相关作品
  • 丛书相关作品
  • 出版社相关作品

书目信息

  • 表格格式
  • 工作单格式
  • 卡片格式
题名:
中国山水画艺术发展研究
    
 
作者: 高源 著
分册:  
出版信息: 长春   吉林出版集团股份有限公司  2022
页数: 104页
开本: 24cm
丛书名:
单 册:
中图分类: J212.26
科图分类:
主题词: 山水画--绘画研究--中国
电子资源:
ISBN: 978-7-5731-2471-5
000 00874nam0 2200217 450
001 2371521616
005 20231204195209.40
010    @a978-7-5731-2471-5@dCNY38.00
100    @a20230301d2022 em y0chiy50 ea
101 0  @achi
102    @aCN@b220000
105    @ay z 000yy
200 1  @a中国山水画艺术发展研究@Azhong guo shan shui hua yi shu fa zhan yan jiu@f高源著
210    @a长春@c吉林出版集团股份有限公司@d2022
215    @a104页@d24cm
330    @a本书共六章,首先对中国山水画进行了相关论述,以早期山水画为例,详细探究了中国山水画艺术的发展脉络,并分析了经典画论对山水画创作的美学引导。从多方面对中国山水画空间表现特点的形成原因进行了剖析,并结合新时代的社会审美,对中国上水画的现代转型做了一系列的研究。
606 0  @a山水画@x绘画研究@y中国
690    @aJ212.26@v5
701  0 @a高源@Agao yuan@4著
801  0 @aCN@b91MARC@c20230302
905    @aZUCC@dJ212.26@e12
    
    中国山水画艺术发展研究/高源著.-长春:吉林出版集团股份有限公司,2022
    104页;24cm
    
    
    ISBN 978-7-5731-2471-5:CNY38.00
    本书共六章,首先对中国山水画进行了相关论述,以早期山水画为例,详细探究了中国山水画艺术的发展脉络,并分析了经典画论对山水画创作的美学引导。从多方面对中国山水画空间表现特点的形成原因进行了剖析,并结合新时代的社会审美,对中国上水画的现代转型做了一系列的研究。
●
相关链接 在五车中查询图书 在当当中查询图书 在豆瓣中查询图书


正题名:中国山水画艺术发展研究     索取号:J212.26/12         预约/预借

序号 登录号 条形码 馆藏地/架位号 状态 备注
1 2001263749   2001263749   辽宁北方(第一批)/辽宁北方(第一批)/251/ [索取号:J212.26/12] 在馆    
2 2001263750   2001263750   辽宁北方(第一批)/辽宁北方(第一批)/251/ [索取号:J212.26/12] 在馆    
3 2001263751   2001263751   辽宁北方(第一批)/辽宁北方(第一批)/251/ [索取号:J212.26/12] 在馆    
4 2001263752   2001263752   辽宁北方(第一批)/辽宁北方(第一批)/251/ [索取号:J212.26/12] 在馆    
5 2001263753   2001263753   辽宁北方(第一批)/辽宁北方(第一批)/251/ [索取号:J212.26/12] 在馆    
6 2001263754   2001263754   辽宁北方(第一批)/辽宁北方(第一批)/251/ [索取号:J212.26/12] 在馆    
山东省滨州职业学院图书馆 欢迎您!
大连网信软件有限公司© 版权所有